000 00591nam a22001577a 4500
003 OSt
005 20160331135929.0
008 160331b xxu||||| |||| 00| 0 eng d
040 _cRUA
082 _aATM ប៉ោ 1999 B473 Or.1
100 _98265
_aប៉ោ គឹមហួត
245 _aបញ្ហាក្សេត្រសាស្រ្ត និង សក្តានុពលភាពនៃដំណាំក្រូចពោធិសាត់នៅខេត្តបាត់ដំបង
260 _aPhnom Penh
_bRUA
_c1999
300 _a118p.
_bill.
_c29cm.
942 _2ddc
_cATM
999 _c7906
_d7906